History Quiz

Random History or Famous Quiz
Score 0/26 Timer 08:00
15 Plays Today
% Correct
Nelson Mandela and Michael Jackson in Cape Town in 1996
96.1%
Mother Teresa and Princess Diana in New York in 1997
91.2%
Winston Churchill and Joseph Stalin in Moscow in 1942
77.6%
Mao Zedong and Richard Nixon in Beijing in 1972
77.4%
Cassius Clay and Malcolm X in Miami in 1964
76.3%
Fidel Castro and Che Guevara in Havana in 1960
72.3%
Ronald Reagan and Mikhail Gorbachev in Reykjavik in 1986
71.7%
Ulysses S. Grant and Robert E. Lee in Appomattox Court House in 1865
68.1%
Kim Jong-il and Vladimir Putin in Pyongyang in 2000
64.6%
Steve Jobs and Bill Gates in Palo Alto in 1991
61.2%
Pope Benedict XVI and Pope Francis in Vatican City in 2013
58.7%
Bill Clinton and John F. Kennedy in Washington DC in 1963
57.6%
Neville Chamberlain and Adolf Hitler in Munich in 1938
50.1%
% Correct
Arnold Schwarzenegger and Tony Blair in Long Beach in 2006
49%
Barack Obama and Hugo Chávez in Port-of-Spain in 2009
47.9%
Golda Meir and Margaret Thatcher in Tel Aviv in 1976
38.6%
Ted Williams and Babe Ruth in Boston in 1943
34.2%
Abraham Lincoln and Frederick Douglass in Washington DC in 1863
29.4%
Dwight Eisenhower and Helen Keller in Washington DC in 1953
28.9%
Douglas MacArthur and Emperor Hirohito in Tokyo in 1945
28.9%
Salvador Dalí and Walt Disney in Port Lligat in 1957
28.3%
Queen Elizabeth II & Malala Yousafzai, London in 2013
24.4%
Henry Stanley and David Livingstone in Ujiji in 1871
20.8%
Woodrow Wilson and King George V in London in 1918
20.5%
Yassir Arafat and Yitzhak Rabin in Casablanca in 1994
19.3%
Thomas Edison and Henry Ford in Dearborn in 1923
17.8%
Remove Ads.
Support Sporcle.
Get the best of Sporcle when you Go Orange. This ad-free experience offers more features, more stats, and more fun while also helping to support Sporcle. Thank you for becoming a member.

You're not logged in!

Compare scores with friends on all Sporcle quizzes.
OR
Log In

Show Comments

Extras

Top Quizzes Today


Score Distribution

Your Account Isn't Verified!

In order to create a playlist on Sporcle, you need to verify the email address you used during registration. Go to your Sporcle Settings to finish the process.

Report this User

Report this user for behavior that violates our Community Guidelines.

Details: